000 00926nam a2200301Ia 4500
001 74032
003 IT-RoPAU
008 130308s9999 xx 000 0 und d
040 _aIT-RoPAU
040 _cIT-RoPAU
041 _aITALIANO
100 _aRestagno Enzo
100 _gCodice Aut. SPICS: 11113
245 _aUn'autobiografia dell'autore raccontata da Enzo Restagno
245 _bXenakis
250 _a1a ed.
260 _aTORINO
260 _bEDT
260 _c1988 [1° Ed.:1988 - Ed.Ling.Originale:1988]
300 _a"68 p. (prefazione: no ; testo: 68 [pagine: 3-70])"
500 _aIntervista con Xenakis Musicista Architetto Opera e Morte Altra idea di Spettacolo nel Tempo e fuori del Tempo Moti Browniani e Giochi ritratto di un Musicista in Piedi
650 _aAUTORI/OPERE DI MUSICA
650 _eCodice materia Spics: 7007
942 _cBK
957 _71
999 _c59043
_d59043
999 _bSI
999 _g1